Balraj : (Record no. 60318)

MARC details
000 -LEADER
fixed length control field 01432nam a22002657a 4500
005 - DATE AND TIME OF LATEST TRANSACTION
control field 20120105100851.0
010 ## - LCCN (DPL NO)
LC control number B-447419-423
020 ## - INTERNATIONAL STANDARD BOOK NUMBER
International Standard Book Number 9788123722429
Terms of availability 35.00
035 ## - SYSTEM CONTROL NUMBER
System control number B-447419-423
037 ## - SOURCE OF ACQUISITION
Source of stock number/acquisition K.K.Pub/Ven
082 ## - DEWEY DECIMAL CLASSIFICATION NUMBER
Classification number 921
100 ## - MAIN ENTRY--PERSONAL NAME
Personal name Sahni, Bhisham
245 E# - TITLE STATEMENT
Title Balraj :
Remainder of title My Brother /
Statement of responsibility, etc by Bhisham Sahni
260 ## - PUBLICATION, DISTRIBUTION, ETC. (IMPRINT)
Place of publication, distribution, etc New Delhi
Name of publisher, distributor, etc National Book Trust, India
Date of publication, distribution, etc 2007
270 ## - ADDRESS
Address A-5 Green Park
City New Delhi
Postal code 110016
300 ## - PHYSICAL DESCRIPTION
Extent 154p.
Other physical details ill.
Dimensions 21cm(pbk)
490 ## - SERIES STATEMENT
Series statement National Biography
-- 46950
942 ## - ADDED ENTRY ELEMENTS (KOHA)
Source of classification or shelving scheme Dewey Decimal Classification
Item type English Books
Call number suffix SAH
Classification part 921
Holdings
Withdrawn status Lost status Not for loan Collection code Home library Current library Date acquired Source of acquisition Cost, normal purchase price Full call number Barcode Copy number Cost, replacement price Koha item type
      Non-fiction Central Library Central Library 11/05/2012 K.K.Pub/1318/23.09.11/03/23.09.11/09.11.11 35.00 921 SAH B-447419 1 35.00 English Books
  Written-off vide DLB M. No. 383 dt 16.05.19   Non-fiction Karol Bagh Karol Bagh 11/05/2012 K.K.Pub/1318/23.09.11/03/23.09.11/09.11.11 35.00 921 SAH B-447422 1 35.00 English Books
      Non-fiction Patel Nagar Patel Nagar 11/05/2012 K.K.Pub/1318/23.09.11/03/23.09.11/09.11.11 35.00 921 SAH B-447420 1 35.00 English Books
      Non-fiction Sarojini Nagar Sarojini Nagar 11/05/2012 K.K.Pub/1318/23.09.11/03/23.09.11/09.11.11 35.00 921 SAH B-447421 1 35.00 English Books
      Non-fiction Shahdara Branch Shahdara Branch 11/05/2012 K.K.Pub/1318/23.09.11/03/23.09.11/09.11.11 35.00 921 SAH B-447423 1 35.00 English Books

© Delhi Public Library
Hit Counter
free hit counter